[Event "First Saturday 2009 may IM"]
[Site "Budapest"]
[Date "2009.05.07"]
[Round "6"]
[White "Szabo, Bence"]
[Black "Hedke, Fred"]
[Result "0-1"]
[WhiteElo "2220"]
[BlackElo "2310"]
[PlyCount "118"]
[EventDate "2009.05.02"]

1. d4 d5 2. c4 e6 3. Nc3 Nf6 4. cxd5 exd5 5. Bg5 Be7 6. e3 h6 7. Bh4 O-O 8. Bd3
b6 9. Nf3 Bb7 10. Bxf6 Bxf6 11. Rc1 c5 12. O-O c4 13. Bb1 Nc6 14. b3 a6 15.
bxc4 dxc4 16. Ne4 b5 17. Nc5 Qe7 18. Nxb7 Qxb7 19. Nd2 Be7 20. Qf3 Rac8 21. Ne4
Rfd8 22. Ng3 Bf8 23. h4 Qe7 24. h5 Qg5 25. Qe4 g6 26. hxg6 fxg6 27. Qxg6+ Qxg6
28. Bxg6 Ne7 29. Bh5 Rc7 30. Be2 Nd5 31. Ne4 Ba3 32. Rc2 Nb4 33. Rc3 Bb2 34.
Rb1 Bxc3 35. Nxc3 Nd5 36. Ne4 Re7 37. f3 Nxe3 38. Kf2 Nf5 39. d5 Kf7 40. a4 Nd4
41. axb5 axb5 42. d6 Re5 43. Bf1 Nb3 44. Kg3 Ke6 45. Kf4 Rxe4+ 46. fxe4 Nd2 47.
Rxb5 Nxf1 48. Rc5 Kxd6 49. Rd5+ Ke7 50. Rc5 Nd2 51. Ke5 Rg8 52. Rc7+ Kd8 53.
Ra7 Rxg2 54. Kd4 Rg3 55. Ra2 Rd3+ 56. Ke5 c3 57. Rc2 Nc4+ 58. Kf4 Na3 59. Rc1
c2 0-1

[Event "First Saturday 2009 may IM"]
[Site "Budapest"]
[Date "2009.05.07"]
[Round "6"]
[White "Farago, Sandor"]
[Black "Denisov, Ivan"]
[Result "1-0"]
[WhiteElo "2255"]
[BlackElo "2189"]
[PlyCount "105"]
[EventDate "2009.05.02"]

1. e4 e6 2. d4 d5 3. Nc3 Bb4 4. e5 Qd7 5. Nge2 b6 6. a3 Bf8 7. Nf4 Nc6 8. Be3
Bb7 9. b4 a5 10. b5 Na7 11. Bd3 c6 12. bxc6 Bxc6 13. O-O Nh6 14. g4 Nb5 15. Nb1
g6 16. f3 Bg7 17. c3 Nc7 18. Qc1 Ng8 19. Nd2 Ne7 20. Rf2 O-O 21. Nf1 Bb5 22.
Bb1 Bxf1 23. Qxf1 Rfc8 24. Bd3 Qc6 25. Rc2 Rab8 26. h4 b5 27. h5 Qd7 28. Qh3 b4
29. cxb4 axb4 30. axb4 Nc6 31. hxg6 hxg6 32. Rh2 Ne7 33. Qh7+ Kf8 34. Nh3 Ng8
35. f4 Ra8 36. Rf1 Ra3 37. Nf2 Ne7 38. b5 Ne8 39. Rh3 Rcc3 40. Bd2 Rcb3 41. f5
exf5 42. gxf5 Nxf5 43. Bc1 Nxd4 44. Bxa3+ Rxa3 45. Qh4 Bxe5 46. Ng4 Qe6 47.
Nxe5 Qxe5 48. Re1 Nf5 49. Bxf5 Ra1 50. Bb1 Qb2 51. Qh8+ Qxh8 52. Rxh8+ Kg7 53.
Rhxe8 1-0

[Event "First Saturday 2009 may IM"]
[Site "Budapest"]
[Date "2009.05.07"]
[Round "6"]
[White "Wittmann, Walter"]
[Black "Kislik, Erik Andrew"]
[Result "1/2-1/2"]
[WhiteElo "2272"]
[BlackElo "2314"]
[PlyCount "55"]
[EventDate "2009.05.02"]

1. e4 c5 2. Nf3 d6 3. Nc3 Nf6 4. e5 dxe5 5. Nxe5 e6 6. Bb5+ Nbd7 7. d4 a6 8.
Bxd7+ Nxd7 9. Qh5 g6 10. Qf3 f5 11. Be3 Nxe5 12. dxe5 Qc7 13. Qg3 Bg7 14. f4
Kf7 15. Qf2 b6 16. O-O-O Bb7 17. Rd2 Rhd8 18. Rhd1 Bc6 19. a4 a5 20. Nb5 Bxb5
21. axb5 h5 22. Qf3 Rxd2 23. Rxd2 Rd8 24. Rxd8 Qxd8 25. Qb7+ Kg8 26. Qc6 Kf7
27. Qb7+ Kg8 28. Qc6 1/2-1/2

[Event "First Saturday 2009 may IM"]
[Site "Budapest"]
[Date "2009.05.08"]
[Round "7"]
[White "Kislik, Erik Andrew"]
[Black "Galyas, Miklos"]
[Result "0-1"]
[WhiteElo "2314"]
[BlackElo "2458"]
[PlyCount "78"]
[EventDate "2009.05.02"]

1. e4 e6 2. d4 d5 3. Nd2 h6 4. Bd3 c5 5. dxc5 Bxc5 6. Ngf3 Nf6 7. Qe2 Nc6 8.
O-O Qc7 9. c3 O-O 10. Bc2 Bb6 11. h3 Nh5 12. Re1 Nf4 13. Qf1 Bd7 14. g3 Nh5 15.
Kg2 dxe4 16. Nxe4 Ne7 17. Ned2 Bc6 18. Be4 Nd5 19. Kh2 f5 20. Bc2 Ne3 21. fxe3
Nxg3 22. Qg2 Bxe3 23. Qxg3 Bf4 24. Ne5 Bxg3+ 25. Kxg3 f4+ 26. Kf2 f3 27. Nf1
Qd8 28. Ng6 Rf6 29. Be3 Rxg6 30. Bxg6 Qh4+ 31. Ng3 Qxh3 32. Rg1 Qh2+ 33. Ke1
Qxb2 34. Rd1 f2+ 35. Bxf2 Bf3 36. Rb1 Qxc3+ 37. Kf1 Rd8 38. Re1 Qc4+ 39. Ne2
Rd1 0-1

[Event "First Saturday 2009 may IM"]
[Site "Budapest"]
[Date "2009.05.08"]
[Round "7"]
[White "Denisov, Ivan"]
[Black "Wittmann, Walter"]
[Result "0-1"]
[WhiteElo "2189"]
[BlackElo "2272"]
[PlyCount "83"]
[EventDate "2009.05.02"]

1. e4 c5 2. Nf3 Nc6 3. d4 cxd4 4. Nxd4 Nf6 5. Nc3 d6 6. Bc4 e6 7. Be3 Be7 8.
Qe2 O-O 9. Bb3 a6 10. O-O-O Qc7 11. Rhg1 Nd7 12. g4 Nc5 13. Nf5 b5 14. Bd5 Ra7
15. Bh6 Bf6 16. Bxc6 b4 17. Na4 Qxc6 18. Nxc5 gxh6 19. g5 hxg5 20. Qh5 exf5 21.
Rxg5+ Kh8 22. Rg3 dxc5 23. Rh3 Bxb2+ 24. Kxb2 Qg6 25. Qh4 f6 26. Rg3 Qe8 27.
Rdg1 fxe4 28. Qh6 Raf7 29. Rg7 Bf5 30. h4 Qe7 31. R7g3 a5 32. Kb1 a4 33. Qh5
Qe6 34. Qh6 Qe5 35. Qe3 c4 36. a3 Rb8 37. Ka2 b3+ 38. cxb3 axb3+ 39. Kb1 c3 40.
Qxc3 e3+ 41. Kb2 Qxc3+ 42. Kxc3 0-1

[Event "First Saturday 2009 may IM"]
[Site "Budapest"]
[Date "2009.05.08"]
[Round "7"]
[White "Hedke, Fred"]
[Black "Farago, Sandor"]
[Result "1-0"]
[WhiteElo "2310"]
[BlackElo "2255"]
[PlyCount "81"]
[EventDate "2009.05.02"]

1. e4 c5 2. d4 cxd4 3. c3 dxc3 4. Nxc3 Nc6 5. Nf3 d6 6. Bc4 Nf6 7. O-O e6 8.
Qe2 Be7 9. Rd1 e5 10. h3 O-O 11. Be3 a6 12. a3 b5 13. Ba2 Be6 14. Nd5 Bxd5 15.
exd5 Nb8 16. Rac1 Nbd7 17. Rc6 Ne4 18. Bb1 Nec5 19. Bxc5 Nxc5 20. Nxe5 Bg5 21.
Nf3 Bf6 22. Re1 g6 23. Qd2 Ra7 24. b4 Na4 25. Qf4 Rd7 26. Rxa6 Nc3 27. Qd2 Re8
28. Rxe8+ Qxe8 29. Bd3 Rd8 30. Rc6 Nxd5 31. Bxb5 Nc3 32. a4 Nxb5 33. axb5 Kg7
34. Qd5 Qe7 35. b6 Rd7 36. b5 Be5 37. g3 f6 38. Rc8 Kh6 39. Qc6 Qe6 40. Nxe5
fxe5 41. b7 1-0

[Event "First Saturday 2009 may IM"]
[Site "Budapest"]
[Date "2009.05.08"]
[Round "7"]
[White "Szalanczy, Emil"]
[Black "Szabo, Bence"]
[Result "1/2-1/2"]
[WhiteElo "2295"]
[BlackElo "2220"]
[PlyCount "94"]
[EventDate "2009.05.02"]

1. e4 c5 2. Nf3 d6 3. d4 cxd4 4. Nxd4 Nf6 5. Nc3 a6 6. Be3 e5 7. Nb3 Be6 8. Qd2
Nbd7 9. f3 b5 10. g4 Nb6 11. g5 Nfd7 12. Nd5 Bxd5 13. exd5 Rc8 14. h4 Nc4 15.
Bxc4 bxc4 16. Nc1 Be7 17. Ne2 Qc7 18. h5 Qb7 19. b3 Bd8 20. Ng3 Qc7 21. Nf5 O-O
22. Rh4 Nb6 23. Rg4 cxb3 24. axb3 Nxd5 25. Rxa6 Nxe3 26. Nxe3 Qb7 27. Qe2 d5
28. g6 fxg6 29. hxg6 d4 30. Nd1 Rxc2 31. Qxc2 Qxa6 32. Kf2 h6 33. Qc4+ Qxc4 34.
bxc4 Bf6 35. Ke2 Rb8 36. Kd3 Kf8 37. Ke4 Ke7 38. Rg2 Rb1 39. Rd2 Kd6 40. Nc3
Rc1 41. Nd5 Bg5 42. f4 exf4 43. Kxd4 f3 44. Rf2 Rd1+ 45. Ke4 Re1+ 46. Kd4 Rd1+
47. Ke4 Rc1 1/2-1/2

[Event "First Saturday 2009 may IM"]
[Site "Budapest"]
[Date "2009.05.08"]
[Round "7"]
[White "Lengyel, Bela"]
[Black "Koczo, Kristof"]
[Result "1/2-1/2"]
[WhiteElo "2268"]
[BlackElo "2244"]
[PlyCount "91"]
[EventDate "2009.05.02"]

1. e4 c5 2. Nf3 d6 3. d4 cxd4 4. Nxd4 Nf6 5. Nc3 a6 6. Be2 e6 7. O-O Be7 8. Kh1
Nc6 9. Be3 Bd7 10. f4 Qc7 11. Qe1 Nxd4 12. Bxd4 Bc6 13. Bf3 Rc8 14. Qg3 Rg8 15.
Rae1 Nd7 16. Qh3 h6 17. f5 e5 18. Be3 Nf6 19. a3 b5 20. Nd5 Bxd5 21. exd5 Qb7
22. c3 Kd7 23. Bf2 Rc4 24. Bh4 Rgc8 25. Bxf6 Bxf6 26. Be4 a5 27. Qh5 Ke7 28.
Qf3 b4 29. axb4 axb4 30. Bd3 R4c5 31. c4 Ra8 32. h4 Kf8 33. g3 b3 34. Kg2 Ra2
35. Rf2 Qb4 36. Re3 Rc8 37. Bf1 Rb8 38. Re4 Bd8 39. Kh3 f6 40. Qh5 Qc5 41. Rfe2
Qg1 42. Bg2 Qa7 43. Qf3 Bb6 44. Qxb3 Bd4 45. Qd3 Rbxb2 46. Rxb2 1/2-1/2

[Event "First Saturday 2009 may IM"]
[Site "Budapest"]
[Date "2009.05.09"]
[Round "8"]
[White "Galyas, Miklos"]
[Black "Koczo, Kristof"]
[Result "1-0"]
[WhiteElo "2458"]
[BlackElo "2244"]
[PlyCount "59"]
[EventDate "2009.05.02"]

1. d4 d5 2. c4 dxc4 3. e3 e5 4. Bxc4 exd4 5. exd4 Bb4+ 6. Nc3 Nf6 7. Nge2 O-O
8. O-O Nc6 9. a3 Bd6 10. Nb5 Be7 11. Bf4 Ne8 12. d5 Nb8 13. Nxc7 Nd6 14. Nxa8
Nxc4 15. Bxb8 Bd7 16. Bxa7 Nxb2 17. Qb3 Qxa8 18. Bd4 Na4 19. Bxg7 Kxg7 20. Qg3+
Kh6 21. Qf4+ Kg7 22. Ng3 Qa6 23. Nh5+ Kg8 24. Qe5 Qg6 25. Qxe7 Bb5 26. Nf6+ Kg7
27. Nd7 Bxd7 28. Qxd7 Nc3 29. Rae1 Ne4 30. Re3 1-0

[Event "First Saturday 2009 may IM"]
[Site "Budapest"]
[Date "2009.05.09"]
[Round "8"]
[White "Szabo, Bence"]
[Black "Lengyel, Bela"]
[Result "1/2-1/2"]
[WhiteElo "2220"]
[BlackElo "2268"]
[PlyCount "47"]
[EventDate "2009.05.02"]

1. d4 Nf6 2. c4 e6 3. Nc3 Bb4 4. Qc2 Nc6 5. Nf3 d6 6. Bd2 O-O 7. a3 Bxc3 8.
Bxc3 Qe7 9. g3 a5 10. Bg2 a4 11. O-O Bd7 12. Rad1 e5 13. d5 Na5 14. Nd2 b6 15.
Rde1 Nb7 16. Nf3 Nc5 17. Nh4 g6 18. Bd2 Nh5 19. e4 Rae8 20. Bh6 Ng7 21. Qc3 f5
22. exf5 gxf5 23. f4 e4 24. Nf3 1/2-1/2

[Event "First Saturday 2009 may IM"]
[Site "Budapest"]
[Date "2009.05.09"]
[Round "8"]
[White "Farago, Sandor"]
[Black "Szalanczy, Emil"]
[Result "1/2-1/2"]
[WhiteElo "2255"]
[BlackElo "2295"]
[PlyCount "55"]
[EventDate "2009.05.02"]

1. e4 c5 2. Nf3 d6 3. d4 cxd4 4. Nxd4 Nf6 5. Bd3 Nc6 6. Nxc6 bxc6 7. c4 e5 8.
Nc3 Be7 9. O-O O-O 10. Kh1 Be6 11. f4 exf4 12. Bxf4 Ng4 13. Be2 Ne5 14. b3 Ng6
15. Bg3 Bf6 16. Rc1 Be5 17. Rf3 Qg5 18. Qe1 Rfd8 19. Rd1 h6 20. Qf2 Rd7 21.
Bxe5 Qxe5 22. h3 Rb8 23. Qg3 Qa5 24. Kh2 Nf8 25. Re3 Rbd8 26. Red3 Qa3 27. Bg4
Bxg4 28. Qxg4 $18 {after 48 moves} 1/2-1/2

[Event "First Saturday 2009 may IM"]
[Site "Budapest"]
[Date "2009.05.09"]
[Round "8"]
[White "Wittmann, Walter"]
[Black "Hedke, Fred"]
[Result "1/2-1/2"]
[WhiteElo "2272"]
[BlackElo "2310"]
[PlyCount "21"]
[EventDate "2009.05.02"]

1. e4 e5 2. Nf3 Nc6 3. Nc3 Nf6 4. Bb5 d6 5. d4 exd4 6. Nxd4 Bd7 7. O-O Be7 8.
Bxc6 bxc6 9. Bf4 O-O 10. e5 Ne8 11. Qf3 1/2-1/2

[Event "First Saturday 2009 may IM"]
[Site "Budapest"]
[Date "2009.05.09"]
[Round "8"]
[White "Kislik, Erik Andrew"]
[Black "Denisov, Ivan"]
[Result "1/2-1/2"]
[WhiteElo "2314"]
[BlackElo "2189"]
[PlyCount "46"]
[EventDate "2009.05.02"]

1. e4 c5 2. Nf3 d6 3. d4 cxd4 4. Nxd4 Nf6 5. Nc3 a6 6. Be3 e5 7. Nf3 Be7 8. Bc4
O-O 9. O-O Be6 10. Bxe6 fxe6 11. Na4 Nfd7 12. Qd3 b5 13. Qb3 bxa4 14. Qb7 Rxf3
15. gxf3 Bg5 16. Bxg5 Qxg5+ 17. Kh1 Qd8 18. Rad1 Nb6 19. Rg1 N8d7 20. Rxd6 Rb8
21. Qa7 Ra8 22. Qb7 Rb8 23. Qa7 Ra8 1/2-1/2

[Event "First Saturday 2009 may IM"]
[Site "Budapest"]
[Date "2009.05.10"]
[Round "9"]
[White "Denisov, Ivan"]
[Black "Galyas, Miklos"]
[Result "1-0"]
[WhiteElo "2189"]
[BlackElo "2458"]
[PlyCount "65"]
[EventDate "2009.05.02"]

1. e4 e6 2. d4 d5 3. Nd2 h6 4. Bd3 c5 5. Ngf3 Nf6 6. c3 cxd4 7. Nxd4 Nc6 8.
Nxc6 bxc6 9. Qe2 Qc7 10. f4 Qxf4 11. e5 Nd7 12. Nf3 Qg4 13. b4 a5 14. Be3 f5
15. exf6 gxf6 16. h3 Qg7 17. Bf4 axb4 18. Qxe6+ Qe7 19. Bg6+ Kd8 20. Nd4 Ne5
21. Qxe7+ Kxe7 22. Bxe5 fxe5 23. Nxc6+ Kf6 24. Bh5 bxc3 25. Rf1+ Kg5 26. Bf7
Ba3 27. Nxe5 Ba6 28. h4+ Kxh4 29. Rf5 Rhe8 30. Bxe8 Rxe8 31. Kf2 Rxe5 32. Rxe5
d4 33. Ra5 1-0

[Event "First Saturday 2009 may IM"]
[Site "Budapest"]
[Date "2009.05.10"]
[Round "9"]
[White "Hedke, Fred"]
[Black "Kislik, Erik Andrew"]
[Result "1-0"]
[WhiteElo "2310"]
[BlackElo "2314"]
[PlyCount "109"]
[EventDate "2009.05.02"]

1. e4 c5 2. d4 cxd4 3. c3 Nf6 4. e5 Nd5 5. Nf3 e6 6. cxd4 d6 7. Nc3 Nxc3 8.
bxc3 Qc7 9. Bd2 Nd7 10. exd6 Bxd6 11. Bd3 O-O 12. Ng5 Nf6 13. Ne4 Nxe4 14. Bxe4
Re8 15. Qh5 g6 16. Qb5 Rd8 17. Rc1 Bf4 18. Be3 Rb8 19. g3 Bxe3 20. fxe3 Bd7 21.
Qe2 Bc6 22. Bxc6 bxc6 23. O-O c5 24. Rc2 Rbc8 25. Qf3 f5 26. Rb2 Rb8 27. Rd2
Qa5 28. Qc6 Qb6 29. Qf3 cxd4 30. exd4 e5 31. Qf2 Rbc8 32. Rb2 Qa5 33. dxe5 Qxe5
34. Qxa7 Rxc3 35. Qb6 Rcd3 36. Qf2 Rd1 37. Re2 Qa1 38. Ree1 Rxe1 39. Rxe1 Rd1
40. Rxd1 Qxd1+ 41. Kg2 Qd5+ 42. Kg1 g5 43. Qb2 Qc5+ 44. Kg2 Qc6+ 45. Kg1 Kf7
46. Qb3+ Kg7 47. a4 f4 48. gxf4 Qc1+ 49. Kg2 Qd2+ 50. Kg1 gxf4 51. Qb7+ Kh6 52.
Qc6+ Kh5 53. Qf3+ Kh6 54. Qh3+ Kg5 55. Qg2+ 1-0

[Event "First Saturday 2009 may IM"]
[Site "Budapest"]
[Date "2009.05.10"]
[Round "9"]
[White "Szalanczy, Emil"]
[Black "Wittmann, Walter"]
[Result "1-0"]
[WhiteElo "2295"]
[BlackElo "2272"]
[PlyCount "71"]
[EventDate "2009.05.02"]

1. e4 e5 2. Nf3 Nc6 3. Bb5 a6 4. Ba4 b5 5. Bb3 Bc5 6. O-O d6 7. c3 Bg4 8. h3
Bh5 9. g4 Bg6 10. d4 exd4 11. cxd4 Bb6 12. Nc3 Nge7 13. Bg5 Qd7 14. e5 d5 15.
a4 b4 16. Bxe7 bxc3 17. Ba3 h5 18. e6 fxe6 19. bxc3 hxg4 20. Ng5 gxh3 21. Qe2
Bf5 22. Kh2 Nd8 23. Rae1 c6 24. f4 Bc7 25. Bc2 Bxc2 26. Qxc2 Rh6 27. Kh1 Bd6
28. Bc1 Rf6 29. f5 Be7 30. fxe6 Qd6 31. Rxf6 Bxf6 32. e7 Nf7 33. Nxf7 Kxf7 34.
Qf5 Rh8 35. Bf4 g6 36. Qg4 1-0

[Event "First Saturday 2009 may IM"]
[Site "Budapest"]
[Date "2009.05.10"]
[Round "9"]
[White "Lengyel, Bela"]
[Black "Farago, Sandor"]
[Result "1/2-1/2"]
[WhiteElo "2268"]
[BlackElo "2255"]
[PlyCount "29"]
[EventDate "2009.05.02"]

1. e4 c5 2. Nf3 d6 3. d4 cxd4 4. Nxd4 Nf6 5. Nc3 g6 6. Be2 Bg7 7. O-O Nc6 8.
Nb3 O-O 9. Kh1 Be6 10. f4 Rc8 11. Be3 Na5 12. f5 Bc4 13. Nxa5 Bxe2 14. Qxe2
Qxa5 15. Rad1 1/2-1/2

[Event "First Saturday 2009 may IM"]
[Site "Budapest"]
[Date "2009.05.10"]
[Round "9"]
[White "Koczo, Kristof"]
[Black "Szabo, Bence"]
[Result "0-1"]
[WhiteElo "2244"]
[BlackElo "2220"]
[PlyCount "92"]
[EventDate "2009.05.02"]

1. d4 Nf6 2. c4 e6 3. Nc3 Bb4 4. e3 O-O 5. Bd3 d5 6. cxd5 exd5 7. Nge2 Re8 8.
O-O Bd6 9. h3 a6 10. Rb1 Nbd7 11. b4 Qe7 12. Qb3 c6 13. a4 b5 14. a5 Bb8 15. f4
Nf8 16. Rf3 Ng6 17. g4 Nh4 18. Rg3 h5 19. g5 Nh7 20. Qc2 g6 21. e4 dxe4 22.
Bxe4 Bf5 23. Re3 Qd7 24. Bxf5 Nxf5 25. Rxe8+ Qxe8 26. Qe4 Ba7 27. Bb2 Qd7 28.
Kh2 Re8 29. Qg2 Ne3 30. Qf3 Nc4 31. Ne4 Qe7 32. N2c3 Qxb4 33. Ba1 Qa3 34. f5
Bxd4 35. Rd1 Be5+ 36. Kh1 Qe7 37. f6 Qe6 38. h4 Nf8 39. Nc5 Qc8 40. N3e4 Bxa1
41. Rxa1 Ne6 42. Nd3 Nd4 43. Qg2 Ne3 44. Nd6 Qe6 45. Qg3 Qd5+ 46. Kh2 Ng4+ 0-1